衆院選東京都 何区? - Statistics

General Stats
  • This quiz has been taken 5 times
  • The average score is 28 of 69
Answer Stats
Hint Answer % Correct
千代田区 東京1区
75%
江戸川区16区域 東京16区
75%
八王子市21区域 東京21区
75%
御蔵島村 東京3区
75%
世田谷区5区域 東京5区
75%
文京区 東京10区
50%
板橋区11区域 東京11区
50%
板橋区12区域 東京12区
50%
足立区13区域 東京13区
50%
江戸川区14区域 東京14区
50%
墨田区 東京14区
50%
国立市 東京19区
50%
東大和市 東京20区
50%
清瀬市 東京20区
50%
立川市 東京21区
50%
調布市 東京22区
50%
八王子市24区域 東京24区
50%
青梅市 東京25区
50%
昭島市 東京25区
50%
福生市 東京25区
50%
羽村市 東京25区
50%
日の出町 東京25区
50%
奥多摩町 東京25区
50%
大田区26区域 東京26区
50%
杉並区27区域 東京27区
50%
練馬区28区域 東京28区
50%
足立区29区域 東京29区
50%
品川区 東京3区
50%
大島町 東京3区
50%
利島村 東京3区
50%
小笠原村 東京3区
50%
府中市 東京30区
50%
大田区4区域 東京4区
50%
世田谷区6区域 東京6区
50%
杉並区8区域 東京8区
50%
練馬区9区域 東京9区
50%
新宿区 東京1区
25%
豊島区 東京10区
25%
北区 東京12区
25%
江東区 東京15区
25%
葛飾区 東京17区
25%
武蔵野市 東京18区
25%
小金井市 東京18区
25%
西東京市 東京18区
25%
国分寺市 東京19区
25%
小平市 東京19区
25%
中央区 東京2区
25%
台東区 東京2区
25%
東村山市 東京20区
25%
東久留米市 東京20区
25%
武蔵村山市 東京20区
25%
日野市 東京21区
25%
三鷹市 東京22区
25%
狛江市 東京22区
25%
町田市 東京23区
25%
あきる野市 東京25区
25%
瑞穂町 東京25区
25%
檜原村 東京25区
25%
目黒区 東京26区
25%
中野区 東京27区
25%
荒川区 東京29区
25%
神津島村 東京3区
25%
三宅村 東京3区
25%
八丈町 東京3区
25%
青ヶ島村 東京3区
25%
多摩市 東京30区
25%
稲城市 東京30区
25%
港区 東京7区
25%
渋谷区 東京7区
25%
No matching quizzes found
Score Distribution
Percent of People with Each Score
Percentile by Number Answered
Your Score History
You have not taken this quiz